LDR 01444naa#a2200181#i#450# 001 RU\\bibl\19483 005 20260516090155.6 100 ## _a20260515b2026####ek#y0rusy0150####ca 102 ## _aRU 200 1# _aОЦЕНКА САНИТАРНОГО СОСТОЯНИЯ ООПТ ХРЕНОВСКОГО БОРА _eСтатья/тезисы конференции 210 1# _aВоронеж _cВоронежский государственный лесотехнический университет имени Г.Ф. Морозова _d2026 215 ## _a7 с. 608 ## _aСтатья/тезисы конференции _2local 675 ## _aПрирода. Изучение и охрана природы. Охрана растительного и животного мира, охрана ландшафтов. Комплексные исследования, охватывающие вопросы разделов 502 и 504, классифицируются в 504. 502 _aПланировка в масштабе страны. Районная планировка.Градостроительство. Ландшафтная и садово-парковая архитектура. Преобразование ландшафта. 71 _z 700 #1 _aТолбина _gИрина Александровна 700 #1 _aЦепляев _gАлексей Николаевич 700 #1 _aПопова _gВалентина Трофимовна 856 4# _abibl.vgltu.ru _u